<?xml version="1.0" encoding="UTF-8"?>
<collection xmlns="http://www.loc.gov/MARC21/slim">
    <record>
        <controlfield tag="001">60628</controlfield>
        <controlfield tag="005">20180412085608.0</controlfield>
        <datafield tag="024" ind1="8" ind2=" ">
            <subfield code="2">sideral</subfield>
            <subfield code="a">97996</subfield>
        </datafield>
        <datafield tag="037" ind1=" " ind2=" ">
            <subfield code="a">ART-2016-97996</subfield>
        </datafield>
        <datafield tag="041" ind1=" " ind2=" ">
            <subfield code="a">spa</subfield>
        </datafield>
        <datafield tag="100" ind1=" " ind2=" ">
            <subfield code="a">Martínez-García, Blanca</subfield>
        </datafield>
        <datafield tag="245" ind1=" " ind2=" ">
            <subfield code="a">Caracterización ecológica de los ostrácodos holocenos de los Ojos de Añavieja (Soria, España)</subfield>
        </datafield>
        <datafield tag="260" ind1=" " ind2=" ">
            <subfield code="c">2016</subfield>
        </datafield>
        <datafield tag="506" ind1="0" ind2=" ">
            <subfield code="a">Access copy available to the general public</subfield>
            <subfield code="f">Unrestricted</subfield>
        </datafield>
        <datafield tag="520" ind1="3" ind2=" ">
            <subfield code="a">En este trabajo se han estudiado, por vez primera, las asociaciones holo- cenas de ostrácodos de las surgencias de agua del entorno de Añavieja (Soria), que han permitido diferenciar, de manera preliminar, tres subambientes dentro de este humedal. Así, se identifica un primer subambiente que agrupa zonas con un alto estrés ecológico, debido a la estacionalidad del flujo hídrico y la posible contaminación antrópica, donde abunda Eucypris virens . El predominio de Cypria ophtalmica define un segundo subambiente, caracterizado por el des- arrollo de amplias coberteras vegetales en tres de las surgencias estudiadas. En el tercer subambiente, la abundancia de Darwinula stevensoni y la elevada tem- peratura del agua del manantial de Añavieja (18,5 ºC) sugieren una naturaleza termal para el mismo. Con este estudio se pone de manifiesto la utilidad de estos microorganismos para caracterizar ecológicamente este humedal y detec- tar posibles afecciones antrópicas en el mismo. La definición de estas asociaciones actuales y sus variables ecológicas permitirá compararlas con las asociaciones fósiles, facilitando así la realización de reconstrucciones paleo- ambientales precisas en esta área. 

In this work, the holocene ostracod assemblages of the Añavieja surrounding springs have been studied for the first time, allowing the preliminary differentiation of three subenvironments within this wetland. Thus, the first identified subenvironment gathers areas with high ecological stress due to the seasonality of the water flow and the possible anthropic contamination, where Eucypris virens abounds. The predominance of Cypria ophtalmica defines a second environment, being characterised by the development of large vegetation covers in three of the studied springs. In the third subenvironment the abundance of D arwinula stevensoni and the high water temperature (18.5 ºC) suggest a thermal origin for the spring of Añavieja. This work highlights the use of these microorganisms to characterise ecologically this wetland and to detect possible anthropic impacts on it. The definition of these recent assemblages and their ecological variables allow the comparison with fossil assemblages, thus providing the realization of accurate palaeoenvironmental reconstructions in this area.</subfield>
        </datafield>
        <datafield tag="536" ind1=" " ind2=" ">
            <subfield code="9">info:eu-repo/grantAgreement/ES/UZ/UZ2014-CIE-04</subfield>
            <subfield code="9">info:eu-repo/grantAgreement/ES/MICINN/CGL2009-09165-BTE</subfield>
            <subfield code="9">info:eu-repo/grantAgreement/ES/DGA/E28</subfield>
        </datafield>
        <datafield tag="540" ind1=" " ind2=" ">
            <subfield code="9">info:eu-repo/semantics/openAccess</subfield>
            <subfield code="a">by-nc-nd</subfield>
            <subfield code="u">http://creativecommons.org/licenses/by-nc-nd/3.0/es/</subfield>
        </datafield>
        <datafield tag="655" ind1=" " ind2="4">
            <subfield code="a">info:eu-repo/semantics/article</subfield>
            <subfield code="v">info:eu-repo/semantics/publishedVersion</subfield>
        </datafield>
        <datafield tag="700" ind1=" " ind2=" ">
            <subfield code="a">Ordiales, Amaia</subfield>
        </datafield>
        <datafield tag="700" ind1=" " ind2=" ">
            <subfield code="0">(orcid)0000-0001-6285-2522</subfield>
            <subfield code="a">Pérez, Antonio</subfield>
            <subfield code="u">Universidad de Zaragoza</subfield>
        </datafield>
        <datafield tag="700" ind1=" " ind2=" ">
            <subfield code="0">(orcid)0000-0001-5700-6495</subfield>
            <subfield code="a">Muñoz, Arsenio</subfield>
            <subfield code="u">Universidad de Zaragoza</subfield>
        </datafield>
        <datafield tag="700" ind1=" " ind2=" ">
            <subfield code="0">(orcid)0000-0002-8929-9429</subfield>
            <subfield code="a">Luzón, Aránzazu</subfield>
            <subfield code="u">Universidad de Zaragoza</subfield>
        </datafield>
        <datafield tag="700" ind1=" " ind2=" ">
            <subfield code="a">Murelaga, Xabier</subfield>
        </datafield>
        <datafield tag="710" ind1="2" ind2=" ">
            <subfield code="1">2000</subfield>
            <subfield code="2">280</subfield>
            <subfield code="a">Universidad de Zaragoza</subfield>
            <subfield code="b">Departamento de Ciencias de la Tierra</subfield>
            <subfield code="c">Estratigrafía</subfield>
        </datafield>
        <datafield tag="773" ind1=" " ind2=" ">
            <subfield code="g">59 (2016), 55-58</subfield>
            <subfield code="p">Geogaceta</subfield>
            <subfield code="t">Geogaceta</subfield>
            <subfield code="x">0213-683X</subfield>
        </datafield>
        <datafield tag="856" ind1="4" ind2=" ">
            <subfield code="s">162669</subfield>
            <subfield code="u">http://zaguan.unizar.es/record/60628/files/texto_completo.pdf</subfield>
            <subfield code="y">Versión publicada</subfield>
        </datafield>
        <datafield tag="856" ind1="4" ind2=" ">
            <subfield code="s">111023</subfield>
            <subfield code="u">http://zaguan.unizar.es/record/60628/files/texto_completo.jpg?subformat=icon</subfield>
            <subfield code="x">icon</subfield>
            <subfield code="y">Versión publicada</subfield>
        </datafield>
        <datafield tag="909" ind1="C" ind2="O">
            <subfield code="o">oai:zaguan.unizar.es:60628</subfield>
            <subfield code="p">articulos</subfield>
            <subfield code="p">driver</subfield>
        </datafield>
        <datafield tag="951" ind1=" " ind2=" ">
            <subfield code="a">2018-04-12-08:48:30</subfield>
        </datafield>
        <datafield tag="980" ind1=" " ind2=" ">
            <subfield code="a">ARTICLE</subfield>
        </datafield>
    </record>

    
</collection>